[Event "Moscow Sveshnikov Memorial Blitz"]
[Site "Moscow"]
[Date "2023.12.09"]
[Round "4"]
[White "Mikhaylova, Irina"]
[Black "Dragomarezkij, Evgeni"]
[Result "0-1"]
[WhiteElo "2169"]
[BlackElo "2234"]
[PlyCount "96"]
[EventDate "2023.12.09"]
[EventType "tourn (blitz)"]
[EventRounds "11"]
[EventCountry "RUS"]
[EventCategory "1"]
[SourceTitle "CBM 217 Extra"]
[Source "ChessBase"]
[SourceDate "2024.01.31"]
[SourceVersion "1"]
[SourceVersionDate "2024.01.31"]
[SourceQuality "1"]

1. Nf3 c5 2. c4 g6 3. d4 Bg7 4. e4 Qb6 5. dxc5 Qa5+ 6. Bd2 Qxc5 7. Bc3 Nf6 8. Bd3 d6 9. 0-0 Bg4 10. h3 Bxf3 11. Qxf3 Nc6 12. Qd1 0-0 13. Nd2 Ne5 14. b4 Qc7 15. Be2 Nfd7 16. Qb3 Rac8 17. Rac1 Nc6 18. Bxg7 Kxg7 19. Rfd1 Nd4 20. Qd3 e5 21. Nf3 Nxe2+ 22. Qxe2 Rfd8 23. Nd2 Nf8 24. Rc3 Ne6 25. Nf3 a5 26. a3 axb4 27. axb4 Qb6 28. Qb2 f6 29. Rd5 Rc6 30. Rd1 Qc7 31. Rdc1 Rc8 32. Qe2 b5 33. Nd2 Qb8 34. Qe3 bxc4 35. Rxc4 Rxc4 36. Rxc4 Rxc4 37. Nxc4 Nd4 38. Qd2 Qb7 39. f3 Qc6 40. Ne3 f5 41. Nd5 f4 42. Kh2 g5 43. Qa2 Kh6 44. Qa7 Qc2 45. h4 Nxf3+ 46. Kh3 g4+ 47. Kxg4 Qxg2+ 48. Kf5 Qg6# 0-1

[Event "Moscow Sveshnikov Memorial Blitz"]
[Site "Moscow"]
[Date "2023.12.09"]
[Round "2"]
[White "Raetsky, Alexander"]
[Black "Dragomarezkij, Evgeni"]
[Result "0-1"]
[WhiteElo "2310"]
[BlackElo "2234"]
[PlyCount "45"]
[EventDate "2023.12.09"]
[EventType "tourn (blitz)"]
[EventRounds "11"]
[EventCountry "RUS"]
[EventCategory "1"]
[SourceTitle "CBM 217 Extra"]
[Source "ChessBase"]
[SourceDate "2024.01.31"]
[SourceVersion "1"]
[SourceVersionDate "2024.01.31"]
[SourceQuality "1"]

1. d4 d5 2. c4 dxc4 3. e4 Nf6 4. e5 Nd5 5. Bxc4 Nb6 6. Bb3 Nc6 7. Nf3 Bf5 8. d5 Nb4 9. Nc3 Nd3+ 10. Ke2 e6 11. Nd4 Bg6 12. h4 Nxe5 13. h5 Bd3+ 14. Ke1 Bc5 15. Nf3 Qf6 16. Be3 Bxe3 17. fxe3 Ba6 18. dxe6 Nd3+ 19. Kd2 0-0-0 20. Nd4 Nf2 21. Qe1 Nxh1 22. Kc2 Nf2 23. e7 0-1

[Event "Cheliabinsk Lozovatsky Memorial-A"]
[Site "Cheliabinsk"]
[Date "2023.01.30"]
[Round "4"]
[White "Dragomarezkij, Evgeni"]
[Black "Kosic, Dragan"]
[Result "1/2-1/2"]
[WhiteElo "2294"]
[BlackElo "2428"]
[PlyCount "61"]
[EventDate "2023.01.27"]
[EventType "swiss"]
[EventRounds "10"]
[EventCountry "RUS"]
[SourceTitle "CBM 212 Extra"]
[Source "ChessBase"]
[SourceDate "2023.03.31"]
[SourceVersion "1"]
[SourceVersionDate "2023.03.31"]
[SourceQuality "1"]

1. d4 e6 2. Nf3 c5 3. c4 cxd4 4. Nxd4 Nf6 5. Nc3 Nc6 6. Bf4 d5 7. cxd5 Nxd5 8. Nxc6 bxc6 9. Bd2 Bb4 10. Qc2 0-0 11. e3 Nxc3 12. Bxc3 Qa5 13. Bd3 Bxc3+ 14. Qxc3 Qxc3+ 15. bxc3 Rb8 16. 0-0-0 e5 17. Rd2 Be6 18. Rb2 g6 19. Rd1 Rb6 20. Bc2 Rfb8 21. Rxb6 Rxb6 22. Rd8+ Kg7 23. a4 h5 24. Ra8 Ra6 25. Kb2 c5 26. Rd8 Kf6 27. g3 Ke7 28. Ra8 Bd7 29. Ka3 Bc6 30. Rc8 Kd7 31. Rf8 1/2-1/2

[Event "Cheliabinsk Lozovatsky Memorial-A"]
[Site "Cheliabinsk"]
[Date "2023.01.29"]
[Round "3"]
[White "Stupak, Kirill"]
[Black "Dragomarezkij, Evgeni"]
[Result "1/2-1/2"]
[WhiteElo "2453"]
[BlackElo "2294"]
[PlyCount "89"]
[EventDate "2023.01.27"]
[EventType "swiss"]
[EventRounds "10"]
[EventCountry "RUS"]
[SourceTitle "CBM 212 Extra"]
[Source "ChessBase"]
[SourceDate "2023.03.31"]
[SourceVersion "1"]
[SourceVersionDate "2023.03.31"]
[SourceQuality "1"]

1. d4 Nf6 2. Nf3 d5 3. c4 dxc4 4. Nc3 e6 5. e4 Bb4 6. Bg5 h6 7. Bxf6 Qxf6 8. Bxc4 c5 9. 0-0 Bxc3 10. bxc3 cxd4 11. cxd4 0-0 12. Rc1 Rd8 13. Bb5 a6 14. Qa4 Bd7 15. Bxd7 Nxd7 16. Qb4 b5 17. Rc6 Qf4 18. e5 Qe4 19. Rfc1 Nf8 20. Qa3 Ng6 21. Rxa6 Nf4 22. Re1 Rxa6 23. Qxa6 Nh3+ 24. gxh3 Qxf3 25. Re3 Qd1+ 26. Kg2 b4 27. Qb7 Qxd4 28. Re4 Qd5 29. Qxd5 Rxd5 30. Rxb4 Rxe5 31. Ra4 Re2 32. Ra7 g5 33. h4 g4 34. h5 Kg7 35. Kg3 Rc2 36. Ra6 Kf6 37. Ra4 e5 38. a3 Kf5 39. Rxg4 Rc3+ 40. f3 Rxa3 41. Kg2 Kf6 42. Rg8 Rd3 43. h4 Rd2+ 44. Kg3 Rd1 45. Rh8 1/2-1/2

[Event "RUS-ch Blitz"]
[Site "Sochi"]
[Date "2022.10.14"]
[Round "8"]
[White "Kezin, Roman"]
[Black "Dragomarezkij, Evgeni"]
[Result "1-0"]
[WhiteElo "2514"]
[BlackElo "2297"]
[PlyCount "105"]
[EventDate "2022.10.14"]
[EventType "swiss (blitz)"]
[EventRounds "13"]
[EventCountry "RUS"]
[SourceTitle "CBM 210 Extra"]
[Source "ChessBase"]
[SourceDate "2022.11.30"]
[SourceVersion "1"]
[SourceVersionDate "2022.11.30"]
[SourceQuality "1"]

1. d4 d5 2. c4 dxc4 3. e3 e6 4. Bxc4 c5 5. Nf3 cxd4 6. exd4 Nf6 7. 0-0 Be7 8. Nc3 0-0 9. Re1 Nbd7 10. Qd3 Nb6 11. Bb3 Bd7 12. Ne5 Bc6 13. a3 Nbd5 14. Bc2 Rc8 15. Bg5 g6 16. Bh6 Re8 17. Qh3 Qd6 18. Rad1 Bf8 19. Bg5 Bg7 20. Qh4 Nh5 21. Ne4 Qc7 22. Bd2 Qd8 23. Qxd8 Rexd8 24. Bb3 Nhf6 25. Ng5 Be8 26. Rc1 h6 27. Ngf3 Bb5 28. h3 a6 29. Ba5 Re8 30. Bd2 Bf8 31. a4 Bc6 32. Nxc6 Rxc6 33. Rxc6 bxc6 34. Bc4 Bb4 35. Bxa6 Bxd2 36. Nxd2 Ra8 37. Bb7 Rxa4 38. Bxc6 Rxd4 39. Nf3 Rb4 40. Re2 Ne7 41. Ne5 Nxc6 42. Nxc6 Rb6 43. Ne5 Nd5 44. g3 Rb3 45. Nc4 Kg7 46. Kg2 g5 47. Rd2 h5 48. Ne5 h4 49. Nf3 hxg3 50. fxg3 f6 51. Kf2 Kg6 52. Nd4 Kf7 53. Nxb3 1-0

[Event "St Petersburg-ch Seniors Rapid"]
[Site "St Petersburg"]
[Date "2022.10.04"]
[Round "8"]
[White "Balashov, Yuri S"]
[Black "Dragomarezkij, Evgeni"]
[Result "1-0"]
[WhiteElo "2298"]
[BlackElo "2197"]
[PlyCount "125"]
[EventDate "2022.10.03"]
[EventType "swiss (rapid)"]
[EventRounds "10"]
[EventCountry "RUS"]
[SourceTitle "EXT 2024"]
[Source "ChessBase"]
[SourceDate "2023.10.10"]
[SourceVersion "1"]
[SourceVersionDate "2023.10.10"]
[SourceQuality "1"]

1. e4 c5 2. Nf3 e6 3. d4 cxd4 4. Nxd4 Nc6 5. Nc3 Qc7 6. a3 a6 7. Be3 Nf6 8. f4 d6 9. Qf3 Be7 10. g4 Nxd4 11. Bxd4 e5 12. fxe5 dxe5 13. Qg3 Bd6 14. Be3 Be6 15. Be2 Bc5 16. g5 Nd7 17. Bxc5 Qxc5 18. 0-0-0 Rc8 19. Bg4 Qe7 20. Kb1 0-0 21. Nd5 Qc5 22. c3 Kh8 23. Rhf1 Qc4 24. Bf5 Rcd8 25. Ne3 Qc6 26. Qh3 g6 27. Bxe6 fxe6 28. Qg2 Nc5 29. Rxd8 Rxd8 30. Rf7 Nxe4 31. Kc1 Kg8 32. Ng4 Qd5 33. Nh6+ Kh8 34. Rf1 Kg7 35. h4 Nxc3 36. Rf7+ Kh8 37. Qxd5 Nxd5 38. Rxb7 Rc8+ 39. Kd2 e4 40. b4 e3+ 41. Kd3 Rc3+ 42. Ke4 Rc8 43. Kf3 Rf8+ 44. Rf7 Rc8 45. Ra7 Rf8+ 46. Ke2 Rf2+ 47. Ke1 Rf8 48. Rxa6 Nf4 49. Rc6 Ng2+ 50. Ke2 Nxh4 51. Rxe6 Ra8 52. b5 Ng2 53. Kf3 Ne1+ 54. Kxe3 Nc2+ 55. Ke4 Nxa3 56. b6 Kg7 57. Re7+ Kf8 58. Rf7+ Ke8 59. b7 Rb8 60. Rxh7 Kd8 61. Kd5 Nb5 62. Kc6 Na7+ 63. Kc5 1-0

[Event "St Petersburg-ch Seniors Rapid"]
[Site "St Petersburg"]
[Date "2022.10.04"]
[Round "6"]
[White "Pushkov, Nikolai"]
[Black "Dragomarezkij, Evgeni"]
[Result "0-1"]
[WhiteElo "2106"]
[BlackElo "2197"]
[PlyCount "128"]
[EventDate "2022.10.03"]
[EventType "swiss (rapid)"]
[EventRounds "10"]
[EventCountry "RUS"]
[SourceTitle "EXT 2024"]
[Source "ChessBase"]
[SourceDate "2023.10.10"]
[SourceVersion "1"]
[SourceVersionDate "2023.10.10"]
[SourceQuality "1"]

1. d4 d5 2. Nf3 Nf6 3. c4 dxc4 4. e3 e6 5. Bxc4 c5 6. 0-0 cxd4 7. Nxd4 Be7 8. b3 0-0 9. Bb2 Qb6 10. Nc3 Rd8 11. Qe2 Bd7 12. Rfd1 Nc6 13. Nxc6 Bxc6 14. e4 Qa5 15. e5 Nd7 16. Nb5 Bxb5 17. Bxb5 Nb6 18. a4 Nd5 19. Qe4 g6 20. Bc4 Rac8 21. Bxd5 Rxd5 22. Rxd5 Qxd5 23. Qxd5 exd5 24. Rc1 Rc6 25. Kf1 Kf8 26. Ke2 Ke8 27. Kd3 Rb6 28. Kc2 Bc5 29. Rd1 Bxf2 30. Rxd5 Ke7 31. Rd3 Rc6+ 32. Kd2 Bg1 33. h3 Bh2 34. Rd5 Ke6 35. Rb5 b6 36. a5 Rc5 37. Rxc5 bxc5 38. Kd3 Kd5 39. a6 h5 40. Bc3 Bxe5 41. Ba5 f5 42. Bb6 Bb8 43. Bd8 Kc6 44. Kc4 Bd6 45. Bg5 Bc7 46. Be3 Bb6 47. Bf4 Ba5 48. Be3 Bb4 49. h4 Kb6 50. g3 Be1 51. Bxc5+ Kxa6 52. Bd6 Kb6 53. b4 Kc6 54. Bf4 a6 55. Be5 Bf2 56. Bf4 Bb6 57. Be5 Be3 58. Bb8 g5 59. hxg5 Bxg5 60. Be5 Be7 61. Bc3 Bd6 62. Be1 f4 63. gxf4 Bxf4 64. Bh4 Bd6 0-1

[Event "Chigorin Memorial 28th"]
[Site "St Petersburg"]
[Date "2021.10.27"]
[Round "5"]
[White "Dragomarezkij, Evgeni"]
[Black "Talibov, Shiroghlan"]
[Result "0-1"]
[WhiteElo "2369"]
[BlackElo "2148"]
[PlyCount "76"]
[EventDate "2021.10.23"]
[EventType "swiss"]
[EventRounds "9"]
[EventCountry "RUS"]
[SourceTitle "EXT 2023"]
[Source "ChessBase"]
[SourceDate "2022.10.05"]
[SourceVersion "1"]
[SourceVersionDate "2022.10.05"]
[SourceQuality "1"]

1. c4 g6 2. e4 e5 3. Nf3 Bg7 4. d4 exd4 5. Nxd4 Nc6 6. Nxc6 bxc6 7. Bd3 Ne7 8. 0-0 0-0 9. Nc3 d6 10. Bg5 h6 11. Be3 c5 12. Qd2 Kh7 13. Rae1 Rb8 14. b3 f5 15. f4 Be6 16. e5 dxe5 17. fxe5 Nc6 18. Bxc5 Rf7 19. Qe3 Rd7 20. Be2 a6 21. Rd1 Nxe5 22. Rxd7 Qxd7 23. Rd1 Qf7 24. Bd4 f4 25. Qe4 Re8 26. Bxe5 Bf5 27. Qd5 Qxd5 28. cxd5 Bxe5 29. Na4 a5 30. Kf1 Bd6 31. Nc3 Bb4 32. Nb5 Rxe2 33. Kxe2 Bg4+ 34. Kd3 Bxd1 35. Nxc7 f3 36. gxf3 Bxf3 37. Kd4 Kg8 38. Ke5 Kf7 0-1

[Event "Moscow-ch Rapid"]
[Site "Moscow"]
[Date "2021.03.20"]
[Round "2"]
[White "Dragomarezkij, Evgeni"]
[Black "Pogosyan, Stefan"]
[Result "0-1"]
[WhiteElo "2375"]
[BlackElo "2444"]
[PlyCount "89"]
[EventDate "2021.03.20"]
[EventType "swiss (rapid)"]
[EventRounds "9"]
[EventCountry "RUS"]
[SourceTitle "CBM 201 Extra"]
[Source "ChessBase"]
[SourceDate "2021.05.31"]
[SourceVersion "1"]
[SourceVersionDate "2021.05.31"]
[SourceQuality "1"]

1. c4 e5 2. Nc3 Nf6 3. Nf3 Nc6 4. d3 Bc5 5. e3 d6 6. Be2 0-0 7. 0-0 a6 8. a3 Bg4 9. b4 Ba7 10. Bb2 Re8 11. Rc1 Qd7 12. Nd2 Bxe2 13. Qxe2 d5 14. cxd5 Nxd5 15. Nce4 Rad8 16. Nb3 Nde7 17. Rfd1 f5 18. Nec5 Qc8 19. Qc2 Kh8 20. Qc4 Rd6 21. a4 Nd5 22. b5 axb5 23. axb5 Nd8 24. Ba3 f4 25. e4 Nb6 26. Qc2 f3 27. Nd2 fxg2 28. Re1 Nd7 29. Re3 Rg6 30. Rf3 Nxc5 31. Bxc5 Bxc5 32. Qxc5 Ne6 33. Qe3 Qd7 34. Rg3 Rf6 35. Rxg2 Qxb5 36. Nc4 Nd4 37. Rg3 Ref8 38. Rf1 Qe8 39. Kg2 b5 40. Nd2 h6 41. f3 Qf7 42. Rc1 Qd7 43. Rc5 Qd6 44. Rd5 Qe7 45. Rxd4 0-1

[Event "Moscow-ch Rapid"]
[Site "Moscow"]
[Date "2021.03.20"]
[Round "4"]
[White "Dragomarezkij, Evgeni"]
[Black "Savchenko, Boris"]
[Result "0-1"]
[WhiteElo "2375"]
[BlackElo "2552"]
[PlyCount "88"]
[EventDate "2021.03.20"]
[EventType "swiss (rapid)"]
[EventRounds "9"]
[EventCountry "RUS"]
[SourceTitle "CBM 201 Extra"]
[Source "ChessBase"]
[SourceDate "2021.05.31"]
[SourceVersion "1"]
[SourceVersionDate "2021.05.31"]
[SourceQuality "1"]

1. c4 c5 2. Nf3 Nf6 3. d4 cxd4 4. Nxd4 Nc6 5. Nc3 g6 6. e4 d6 7. Be2 Bg7 8. Be3 Bd7 9. Qd2 Nxd4 10. Bxd4 Bc6 11. f3 0-0 12. 0-0 Nd7 13. Rfd1 a5 14. b3 Be5 15. Bxe5 Nxe5 16. f4 Nd7 17. Qd4 Qb8 18. Bg4 Nf6 19. Bf3 Rd8 20. Nd5 Bxd5 21. cxd5 Rc8 22. e5 Ne8 23. Rac1 Rc7 24. Bg4 Qd8 25. h4 h5 26. Bh3 a4 27. b4 a3 28. b5 Ra5 29. f5 dxe5 30. Qxe5 Rxc1 31. Rxc1 Qd6 32. Qc3 Ra8 33. fxg6 Qxg6 34. Qe5 Nd6 35. Qxe7 Re8 36. Qd7 Re2 37. Qd8+ Kg7 38. Qa5 Qg3 39. Rf1 Qe3+ 40. Kh2 Qe5+ 41. Kh1 Rxa2 42. Qb4 Ra1 43. Rxa1 Qxa1+ 44. Kh2 Qe5+ 0-1

[Event "Moscow-ch rapid"]
[Site "Moscow"]
[Date "2020.11.01"]
[Round "8"]
[White "Makarian, Rudik"]
[Black "Dragomarezkij, Evgeni"]
[Result "1/2-1/2"]
[WhiteElo "2441"]
[BlackElo "2375"]
[PlyCount "277"]
[EventDate "2020.10.31"]
[EventType "swiss (rapid)"]
[EventRounds "9"]
[EventCountry "RUS"]
[SourceTitle "CBM 199 Extra"]
[Source "ChessBase"]
[SourceDate "2021.01.31"]
[SourceVersion "1"]
[SourceVersionDate "2021.01.31"]
[SourceQuality "1"]

1. d4 d5 2. c4 dxc4 3. Nf3 Nf6 4. e3 e6 5. Bxc4 c5 6. 0-0 cxd4 7. exd4 Be7 8. Nc3 0-0 9. Qe2 Nbd7 10. Bg5 Nb6 11. Bd3 Nbd5 12. Ne5 Bd7 13. Qf3 Bc6 14. Qh3 g6 15. Bh6 Re8 16. Rfe1 Qd6 17. Ne4 Nxe4 18. Bxe4 Red8 19. Rac1 Be8 20. Nc4 Qa6 21. Qf3 Rac8 22. Ne5 Rxc1 23. Rxc1 Qxa2 24. h4 Bxh4 25. b3 Qa5 26. Kh2 Be7 27. g3 Qb6 28. Rc4 Qd6 29. Kg2 f6 30. Nd3 Bc6 31. Nc5 f5 32. Kg1 fxe4 33. Nxe4 Qd7 34. Rc1 Bf8 35. Bg5 Re8 36. Qg4 Bg7 37. Qh4 Bxd4 38. Rd1 Bg7 39. Bf6 Bxf6 40. Nxf6+ Nxf6 41. Rxd7 Nxd7 42. Qd4 a6 43. Kh2 Bd5 44. Qb4 Rf8 45. f4 Rf7 46. Kh3 Nf6 47. Qd6 Rd7 48. Qb8+ Kf7 49. b4 Bc6 50. g4 Bf3 51. g5 Ne8 52. Qe5 Ng7 53. Qf6+ Ke8 54. Qe5 Bd5 55. Qb8+ Kf7 56. Qe5 Bc6 57. Kh2 Rd2+ 58. Kg1 Rd5 59. Qc7+ Rd7 60. Qe5 Bd5 61. Kf2 Re7 62. Qf6+ Ke8 63. Qe5 Nf5 64. Qb8+ Kd7 65. Qe5 Rf7 66. Qh8 Ne7 67. Kg3 Bc6 68. Qb8 Nd5 69. Qg8 Ke7 70. Qb8 Nxf4 71. Qc7+ Kf8 72. Qb8+ Kg7 73. Qe5+ Kg8 74. Qb8+ Rf8 75. Qc7 Bd5 76. Kh4 Nh5 77. Kh3 Ng7 78. Kg4 Nf5 79. Qe5 h5+ 80. Kh3 Rf7 81. Qb8+ Kh7 82. Qe8 Re7 83. Qd8 Rf7 84. Qe8 Rg7 85. b5 axb5 86. Qxb5 Rc7 87. Qb4 Ng7 88. Qd6 Rf7 89. Qd8 Bf3 90. Kg3 Bg4 91. Kg2 Nf5 92. Qe8 Re7 93. Qd8 h4 94. Kh2 b5 95. Qb6 Rd7 96. Qxb5 Rd2+ 97. Kg1 Ng7 98. Qb4 Rd1+ 99. Kh2 Bh5 100. Qxh4 Rd5 101. Qf4 Rf5 102. Qe3 e5 103. Kg1 Bf3 104. Kh2 e4 105. Kg3 Ne6 106. Qa7+ Ng7 107. Qe7 Rb5 108. Qd7 Rb3 109. Kf4 Rb1 110. Qh3+ Bh5 111. Kxe4 Rg1 112. Qe3 Rg4+ 113. Ke5 Rc4 114. Qa7 Rc8 115. Qa3 Rc7 116. Qd6 Rf7 117. Qd2 Rf5+ 118. Kd6 Bf3 119. Qh2+ Nh5 120. Qh4 Rf4 121. Qh2 Be4 122. Ke5 Rg4 123. Qd2 Bf5 124. Qd8 Re4+ 125. Kd5 Ng7 126. Qb8 Re2 127. Qf4 Ne6 128. Qh4+ Kg8 129. Kd6 Rg2 130. Ke7 Nxg5 131. Qc4+ Ne6 132. Qc8+ Kg7 133. Qc3+ Kh7 134. Kf7 Ng5+ 135. Kf8 Ne6+ 136. Kf7 Rc2 137. Qe5 Rc7+ 138. Ke8 Rb7 139. Qh8+ 1/2-1/2

[Event "RUS-chT Seniors final"]
[Site "Sochi"]
[Date "2019.05.10"]
[Round "9.3"]
[White "Meister, Jakob"]
[Black "Dragomarezkij, Evgeni"]
[Result "1/2-1/2"]
[WhiteElo "2418"]
[BlackElo "2378"]
[PlyCount "80"]
[EventDate "2019.05.01"]
[EventType "team-tourn"]
[EventRounds "9"]
[EventCountry "RUS"]
[SourceTitle "CBM 190 Extra"]
[Source "ChessBase"]
[SourceDate "2019.07.15"]
[SourceVersion "1"]
[SourceVersionDate "2019.07.15"]
[SourceQuality "1"]
[WhiteTeam "Cheliabinsk Yuzhnyy Ural"]
[BlackTeam "Moscow Legacy Square"]
[WhiteTeamCountry "RUS"]
[BlackTeamCountry "RUS"]

1. d4 d5 2. c4 c6 3. Nc3 Nf6 4. cxd5 cxd5 5. Bf4 Nc6 6. e3 Bf5 7. Nf3 e6 8. Qb3 Bb4 9. Bb5 0-0 10. Bxc6 Bxc3+ 11. Qxc3 Ne4 12. Qa3 bxc6 13. 0-0 Qb6 14. Ne5 Qb7 15. f3 Nf6 16. g4 Bg6 17. Rfc1 Rfc8 18. Rc3 Nd7 19. Nxd7 Qxd7 20. Qd6 Qxd6 21. Bxd6 a5 22. Rac1 Ra6 23. a3 f6 24. b4 axb4 25. Bxb4 Be8 26. Kf2 Bd7 27. Rg1 Kf7 28. g5 Re8 29. Rg3 e5 30. gxf6 gxf6 31. Rc1 Raa8 32. Rcg1 Rg8 33. Rxg8 Rxg8 34. Rxg8 Kxg8 35. dxe5 fxe5 36. Bd6 e4 37. f4 Kf7 38. Bc5 Bc8 39. a4 Ke6 40. a5 Ba6 1/2-1/2